Performance of ortet clones of Hevea brasiliensis in Dakshina Kannada (Record no. 49263)

MARC details
000 -LEADER
fixed length control field 00741nam a2200181Ia 4500
100 ## - MAIN ENTRY--AUTHOR NAME
Personal name Gireesh T
245 #0 - TITLE STATEMENT
Title Performance of ortet clones of Hevea brasiliensis in Dakshina Kannada
260 ## - PUBLICATION, DISTRIBUTION, ETC. (IMPRINT)
Name of publisher PLACROSYM XXII. 22nd Biennial Symposium on Plantation Crops: Leveraging Innovation System in Plantation Sector Through Value Addition, 15-17 December 2016, Indian Council of Agricultural Research-Central Plantation Crops Research Institute, Kasaragod, India. Abstracts. p.58.
650 ## - SUBJECT ADDED ENTRY--TOPICAL TERM
Topical Term Dakshina Kannada
650 ## - SUBJECT ADDED ENTRY--TOPICAL TERM
Topical Term Hevea brasiliensis
650 ## - SUBJECT ADDED ENTRY--TOPICAL TERM
Topical Term Ortet clones
700 ## - ADDED ENTRY--PERSONAL NAME
Personal name Chandrasekhar T R
700 ## - ADDED ENTRY--PERSONAL NAME
Personal name Manju M J
700 ## - ADDED ENTRY--PERSONAL NAME
Personal name Mydin K K
700 ## - ADDED ENTRY--PERSONAL NAME
Personal name Nazeer M A
942 ## - ADDED ENTRY ELEMENTS (KOHA)
Koha item type Bibliography STAF
Holdings
Withdrawn status Lost status Damaged status Not for loan Home library Current library Shelving location Date acquired Koha item type
      Bibliography RRII Library RRII Library Botany 01/01/2021 Bibliography STAF